| 000 | 06814cam a2200553 i 4500 | ||
|---|---|---|---|
| 001 | in00024287987 | ||
| 003 | DLC | ||
| 005 | 20260325105945.0 | ||
| 007 | t| | ||
| 008 | 250604t20252025enk b 001 0 eng d | ||
| 010 | _a 2025944039 | ||
| 016 | 7 |
_a300641336 _2UK |
|
| 020 |
_a9781803925424 _qcased |
||
| 020 |
_a1803925426 _qcased |
||
| 035 | _a(OCoLC)1521887940 | ||
| 040 |
_aYDX _beng _erda _cYDX _dUKMGB _dOCLCO _dAAE _dOCLCQ _dCLU _dOCLCO _dDLC _dDLC-MRC _dDLC |
||
| 042 | _alccopycat | ||
| 082 | 0 | 4 |
_a340.11 DUA _223 |
| 245 | 0 | 0 |
_aResearch handbook on legal argumentation / _cedited by Luís Duarte d'Almeida, Ruth Chang, Lilian Bermejo-Luque, Euan MacDonald and Fábio Perin Shecaira. |
| 264 | 1 |
_aCheltenham, UK ; _aNorthampton, MA, USA : _bEdward Elgar Publishing, _c[2025] |
|
| 300 |
_ax, 575 pages _c25 cm. |
||
| 336 |
_atext _btxt _2rdacontent _0http://id.loc.gov/vocabulary/contentTypes/txt |
||
| 365 | _bRs. 31063.00 | ||
| 490 | 1 | _aResearch handbooks in legal theory | |
| 504 | _aIncludes bibliographical references and index. | ||
| 505 | _a1 Arguing in law: introduction to the Research Handbook on Legal Argumentation by Luís Duarte d’Almeida, Ruth Chang, Lilian Bermejo-Luque, Euan MacDonald and Fábio Perin Shecaira - PART I ELEMENTS: 2 Should judges give reasons for their decisions? By Fábio Perin Shecaira - 3 Legal interpretation: Concept, conceptions, and interpretative arguments in the civil law tradition by Isabel Lifante-Vidal - 4 Interpretation in the common law by Barbara Baum Levenbook - 5 Arguing from precedent and arguing about precedent by Robert Mullins - 6 Arguing from foreign precedent in constitutional interpretation by Tania Groppi - 7 Principles, balancing, and proportionality by Chiara Valentini - 8 Arguing about normative positions by Mark McBride - 9 Legal fictions by Kevin Toh - PART II TYPES: 10 Arguing from authority by Lucas Miotto - 11 Expert evidence, preemptive reasoning, and the rationality of deference by Rachel Herdy - 12 Arguments by analogy by Luís Duarte d’Almeida and Silvia Zorzetto - 13 Coherence and legal principles in legal argumentation by Cláudio Michelon - 14 A contrario arguments by Damiano Canale and Giovanni Tuzet - 15 A fortiori arguments by J.J. Moreso - 16 Arguing from consequences by Flavia Carbonell Bellolio - 17 Slippery slope arguments by Luís Duarte d’Almeida and Gema Marcilla - PART III LOGICS: 18 Deontic logic, legal argumentation, and norms as functions by Maribel Narváez Mora - 19 Informal logic and legal argumentation by Katharina Stevens - 20 Presumptions and burdens of proof by Josep Aguiló-Regla - 21 Defeasible legal concepts and judicial argumentation by Francesca Poggi - 22 Argumentation in AI and law by Giovanni Sartor - 23 Argumentative patterns in law: The pragma-dialectical perspective by Eveline T. Feteris and H. José Plug - PART IV THEORIES: 24 Argument and artifice: What is special about legal argumentation? By Euan MacDonald - 25 Legal argumentation and the nature of law by Torben Spaak - 26 The methodology of legal argumentation: A framework by David Martínez-Zorrilla 27 Contemporary research on legal argumentation in China by Zihan Niu and Minghui Xiong 28 What should a theory of legal argumentation accomplish? By Manuel Atienza PART V JUDGING WELL: 29 Feminist approaches to legal argumentation by Sharon Cowan and Chloë Kennedy - 30 Virtue and legal reasoning by Amalia Amaya - 31 Emotions in common law reasoning by Maksymilian Del Mar - 32 The rhetoric of legal argumentation by Sue E. Provenzano and Kathryn Stanchi - 33 Hard cases in law by Piero Ríos Carrillo - 34 Experimental philosophy and legal reasoning by Noel Struchiner and Guilherme da Franca Couto Fernandes de Almeida. | ||
| 520 | _aThis Research Handbook presents thirty-three original contributions from leading experts around the globe on all aspects of legal argumentation. Each chapter combines theoretical and practical perspectives to introduce and develop its topic. The volume explores the connections between legal argumentation, general jurisprudence, and argumentation theory. The result: the most detailed, comprehensive, and international overview of the field to date. The Research Handbook is organised into five parts. The first examines the core elements of legal argumentation. The second analyses many types of argument commonly used in law. The third situates legal argumentation within broader argumentation theory. The fourth examines its links with general jurisprudence. The fifth and final part takes a more holistic approach to what is involved in judging well. This Research Handbook will interest not only students and scholars of legal argumentation, legal philosophers, and argumentation theorists, but also lawyers, judges, and other practitioners seeking to better understand their art. | ||
| 650 | 0 |
_aLaw _xMethodology _0http://id.loc.gov/authorities/subjects/sh85075137 |
|
| 650 | 0 |
_aSemantics (Law) _0http://id.loc.gov/authorities/subjects/sh85119876 |
|
| 650 | 0 |
_aLaw _xInterpretation and construction _0http://id.loc.gov/authorities/subjects/sh85075135 |
|
| 650 | 0 |
_aLaw _xLanguage _0http://id.loc.gov/authorities/subjects/sh85075136 |
|
| 650 | 6 | _aSémantique (Droit) | |
| 650 | 6 |
_aDroit _xInterprétation |
|
| 650 | 7 |
_aLaw _xMethodology _2fast |
|
| 650 | 7 |
_aSemantics (Law) _2fast |
|
| 700 | 1 |
_aDuarte d'Almeida, Luís, _d1976- _eeditor _4http://id.loc.gov/vocabulary/relators/edt _0http://id.loc.gov/authorities/names/no2012006692 _1http://id.loc.gov/rwo/agents/no2012006692 |
|
| 700 | 1 |
_aChang, Ruth _eeditor _4http://id.loc.gov/vocabulary/relators/edt _0http://id.loc.gov/authorities/names/n97046821 _1http://id.loc.gov/rwo/agents/n97046821 |
|
| 700 | 1 |
_aBermejo Luque, Lilian _eeditor _4http://id.loc.gov/vocabulary/relators/edt _0http://id.loc.gov/authorities/names/n2009053192 _1http://id.loc.gov/rwo/agents/n2009053192 |
|
| 700 | 1 |
_aMacDonald, Euan _eeditor _4http://id.loc.gov/vocabulary/relators/edt _0http://id.loc.gov/authorities/names/nb2007017761 _1http://id.loc.gov/rwo/agents/nb2007017761 |
|
| 700 | 1 |
_aShecaira, Fábio Perin, _eeditor _4http://id.loc.gov/vocabulary/relators/edt |
|
| 758 | _1http://id.loc.gov/resources/instances/in00024287987 | ||
| 758 |
_4http://id.loc.gov/ontologies/bibframe/instanceOf _1http://id.loc.gov/resources/works/in00024287987 |
||
| 830 | 0 |
_aResearch handbooks in legal theory _1http://id.loc.gov/resources/hubs/3ff2247d-9d95-5c2b-53c7-8679b08487cb |
|
| 884 |
_aDLC bibframe2marc v3.1-dev _g20260228 _qDLC _uhttps://github.com/lcnetdev/bibframe2marc/tree/v3.1-dev |
||
| 906 |
_a7 _bcbc _corignew _d2 _eepcn _f20 _gy-gencatlg |
||
| 936 | _aBATCHLOAD | ||
| 942 |
_2ddc _cBK |
||
| 999 |
_c217880 _d217880 |
||